| 000 | 01003nam0a22002771 4500 | ||
|---|---|---|---|
| 001 | rc\3443524 | ||
| 005 | 20250610004658.0 | ||
| 021 |
_aRU _b[70-4900] |
||
| 035 | _a(NLR Aleph) 007591619 | ||
| 090 |
_a5617783 _c5617783 |
||
| 100 | _a20130115d1969 |||y0rusy50 ca | ||
| 101 | 0 | _arus | |
| 102 | _aRU | ||
| 105 | _aa z ||||| | ||
| 200 | 1 |
_aЭкспериментальная гидрофизика почв _eМетоды определения потенциала и коэффициентов переноса почв. влаги |
|
| 210 |
_aЛенинград _cГидрометеоиздат _d1969 |
||
| 215 |
_a355 с. _cил. _d22 |
||
| 300 | _aРезюме на англ. яз. | ||
| 320 | _aБиблиогр.: с. 337-351 (328 назв.) | ||
| 606 |
_aПочвы _xВодный режим _2psbo |
||
| 700 | 1 |
_aГлобус _bА.М. _gАлександр Миронович |
|
| 801 | 0 |
_aRU _bNLR _gpsbo |
|
| 801 | 1 |
_aRU _bELAR _2rusmarc |
|
| 852 |
_aNLR _j69-5/7186 |
||
| 942 | _cBOOK | ||
| 980 | _aNB | ||